| 000 | 00437nam a22001577a 4500 | ||
|---|---|---|---|
| 999 |
_c9217 _d9217 |
||
| 008 | 210330b ||||| |||| 00| 0 eng d | ||
| 040 | _a1BM02AT009 | ||
| 100 | _aGupta, Jyothi | ||
| 245 | _aHypermarket | ||
| 300 | _a34p. | ||
| 500 | _a1BM02AT009 | ||
| 502 |
_8B.Arch _NBMS College of Architecture, Visvesvaraya Technological University _aProject report _d2006 |
||
| 650 | _aMarket | ||
| 700 |
_aRajan Sridhar _eGuide |
||
| 942 |
_2ddc _cTHE |
||